书目信息 |
| 题名: |
行动的哲学
|
|
| 作者: | 费希纳 著 ;洪汉鼎 , 倪梁康 译 | |
| 分册: | ||
| 出版信息: | 南京 译林出版社 2014.10 |
|
| 页数: | 399页 | |
| 开本: | 21cm | |
| 丛书名: | 汉译经典 | |
| 单 册: | ||
| 中图分类: | B516.33 | |
| 科图分类: | ||
| 主题词: | ||
| 电子资源: | ||
| ISBN: | 978-7-5447-5004-2 | |
| 000 | 01153nam0 22003011 450 | |
| 001 | 0102164919 | |
| 005 | 20170502164919.0 | |
| 010 | @a978-7-5447-5004-2@dCNY79.60 | |
| 100 | @a20141204d2014 em y0chiy50 ea | |
| 101 | 1 | @achi@cger |
| 102 | @aCN@b320000 | |
| 105 | @ay z 000ed | |
| 106 | @ar | |
| 200 | 1 | @a行动的哲学@9hang dong de zhe xue@dFichtes briefe@f(德)约翰·哥特利勃·费希特著@g洪汉鼎,倪梁康译@zeng |
| 210 | @a南京@c译林出版社@d2014.10 | |
| 215 | @a399页@d21cm | |
| 225 | 2 | @a汉译经典@9han yi jing dian |
| 312 | @a封面德文题名:Fichtes briefe | |
| 330 | @a本书是德国哲学家费希特的书信选,收录了作者一生中三个不同阶段的各种书信,生动而具体地记录了作者戏剧般风波不断的一生,并再现了费希特思想发展的心路历程。 | |
| 461 | 0 | @12001 @a汉译经典 |
| 510 | 1 | @aFichtes briefe@zger |
| 600 | 0 | @a费希特@Afei xi te@c(Fichte,Johann Gottlich@f1762-1814)@x书信集 |
| 690 | @aB516.33@v5 | |
| 701 | 0 | @c(德)@a费希纳@9fei xi na@c(Fechner,Gustay Theodor@f1801~1887)@4著 |
| 702 | 0 | @a洪汉鼎@9hong han ding@f(1938~)@4译 |
| 702 | 0 | @a倪梁康@9ni liang kang@f(1956~)@4译 |
| 801 | 0 | @aCN@b百万庄@c20170308 |
| 905 | @b1002838-43@dB516.33@e164@f6 | |
| 行动的哲学=Fichtes briefe/(德)约翰·哥特利勃·费希特著/洪汉鼎,倪梁康译.-南京:译林出版社,2014.10 |
| 399页;21cm.-(汉译经典) |
| ISBN 978-7-5447-5004-2:CNY79.60 |
| 本书是德国哲学家费希特的书信选,收录了作者一生中三个不同阶段的各种书信,生动而具体地记录了作者戏剧般风波不断的一生,并再现了费希特思想发展的心路历程。 |
| ● |
| 相关链接 |
|
|
|
|
正题名:行动的哲学
索取号:B516.33/164
 
预约/预借
| 序号 | 登录号 | 条形码 | 馆藏地/架位号 | 状态 | 备注 |
| 1 | 1002838 | 210028389 | 第一样本阅览室/ [索取号:B516.33/164] | 在馆 | |
| 2 | 1002839 | 210028398 | 教育系资料室/ [索取号:B516.33/164] | 在馆 | |
| 3 | 1002840 | 210028405 | 教育系资料室/ [索取号:B516.33/164] | 在馆 | |
| 4 | 1002841 | 210028414 | 教育系资料室/ [索取号:B516.33/164] | 在馆 | |
| 5 | 1002842 | 210028423 | 第一借阅区/ [索取号:B516.33/164] | 在馆 | |
| 6 | 1002843 | 210028432 | 第一借阅区/ [索取号:B516.33/164] | 在馆 |